BUBT Library Online Catalog

Pollution ecology of fresh water invertebrates. (Record no. 908)

000 -LEADER
fixed length control field 00714nam a22002297a 4500
008 - FIXED-LENGTH DATA ELEMENTS--GENERAL INFORMATION
fixed length control field 131130b xxu||||| |||| 00| 0 eng d
020 ## - INTERNATIONAL STANDARD BOOK NUMBER
International Standard Book Number 0-12-328450-3
024 ## - OTHER STANDARD IDENTIFIER
Terms of availability Available
037 ## - SOURCE OF ACQUISITION
Terms of availability Available
040 ## - CATALOGING SOURCE
Original cataloging agency MBSTU LIBRARY
Modifying agency MBSTU LIBRARY
082 ## - DEWEY DECIMAL CLASSIFICATION NUMBER
Edition number 22
Classification number 592.052632 POL
100 ## - MAIN ENTRY--PERSONAL NAME
Personal name Edited by C.H.Hart.
245 ## - TITLE STATEMENT
Title Pollution ecology of fresh water invertebrates.
260 ## - PUBLICATION, DISTRIBUTION, ETC. (IMPRINT)
Place of publication, distribution, etc. New York
Name of publisher, distributor, etc. Academic Press.
Date of publication, distribution, etc. 1974
300 ## - PHYSICAL DESCRIPTION
Extent 26 cm.
Other physical details 389 page
Type of unit 1
Size of unit 26 cm.
600 ## - SUBJECT ADDED ENTRY--PERSONAL NAME
Source of heading or term Fresh water invertebrates.
650 ## - SUBJECT ADDED ENTRY--TOPICAL TERM
Source of heading or term Fresh water invertebrates.
700 ## - ADDED ENTRY--PERSONAL NAME
Personal name Edited by C.H.Hart.
270 ## - ADDRESS
Address New York
City New York
Country USA
942 ## - ADDED ENTRY ELEMENTS (KOHA)
Source of classification or shelving scheme
Koha item type Books

No items available.

More Information About Library

Library Hours

  • Open: 9.00 am. to 9.00 pm.
  • Only Sunday: 9.00 am. to 6.00 pm.
  • Closed: Holiday

Contact to the University

Bangladesh University of Business and Technology Library

  • Mirpurl-2, 1216.
  • Phone:
  • Fax:
  • E-Mail: admin.library@bubt.edu.bd

Contact to the Library

Contact Person:

Md. Abdul Hakim Shah
Joint Librarian
PABX No:  113
Cell No: 01816332931
E-mail: official: admin.library@bubt.edu.bd
Personal: hakim.shah@bubt.edu.bd


BUBT Library

Copyright © 2021